<?xml version="1.0" encoding="UTF-8"?>
<record
    xmlns:xsi="http://www.w3.org/2001/XMLSchema-instance"
    xsi:schemaLocation="http://www.loc.gov/MARC21/slim http://www.loc.gov/standards/marcxml/schema/MARC21slim.xsd"
    xmlns="http://www.loc.gov/MARC21/slim">

  <leader>00819nam a22001817a 4500</leader>
  <controlfield tag="008">230313b        |||||||| |||| 00| 0 eng d</controlfield>
  <datafield tag="022" ind1=" " ind2=" ">
    <subfield code="a">1048-9711</subfield>
  </datafield>
  <datafield tag="040" ind1=" " ind2=" ">
    <subfield code="a">National Science Library</subfield>
    <subfield code="c">National Science Library</subfield>
  </datafield>
  <datafield tag="080" ind1=" " ind2=" ">
    <subfield code="a">D 025.43LCSH</subfield>
    <subfield code="b">P3.1</subfield>
  </datafield>
  <datafield tag="245" ind1=" " ind2=" ">
    <subfield code="a">Library of congress subject headings  </subfield>
    <subfield code="c">/ Prepared by the office for subject cataloging policy collections services</subfield>
  </datafield>
  <datafield tag="250" ind1=" " ind2=" ">
    <subfield code="a">26th ed.</subfield>
  </datafield>
  <datafield tag="260" ind1=" " ind2=" ">
    <subfield code="a">Washington, D. C.: </subfield>
    <subfield code="b">Library of Congress, </subfield>
    <subfield code="c">2003</subfield>
  </datafield>
  <datafield tag="300" ind1=" " ind2=" ">
    <subfield code="a">xvii, 1673p.</subfield>
  </datafield>
  <datafield tag="500" ind1=" " ind2=" ">
    <subfield code="a">Vol. 1 (A-C); ISSN: 1048-9711; xvii, 1673p.
Vol. 2 (D-H); ISSN: 1048-9711; iii, 1675-3087p.
Vol. 3 (I-M); ISSN: 1048-9711; iii, 3089-4429p.
Vol. 4 (N-R); ISSN: 1048-9711; iii, 4431-5746p.
Vol. 5 (S-Z); ISSN: 1048-9711; iii, 5747-7339p.</subfield>
  </datafield>
  <datafield tag="650" ind1=" " ind2=" ">
    <subfield code="a">Library science</subfield>
  </datafield>
  <datafield tag="653" ind1=" " ind2=" ">
    <subfield code="a">LCSH</subfield>
  </datafield>
  <datafield tag="942" ind1=" " ind2=" ">
    <subfield code="2">udc</subfield>
    <subfield code="c">REF</subfield>
  </datafield>
  <datafield tag="999" ind1=" " ind2=" ">
    <subfield code="c">7759</subfield>
    <subfield code="d">7759</subfield>
  </datafield>
  <datafield tag="952" ind1=" " ind2=" ">
    <subfield code="0">0</subfield>
    <subfield code="1">0</subfield>
    <subfield code="2">udc</subfield>
    <subfield code="4">0</subfield>
    <subfield code="6">D_02543LCSH_P31</subfield>
    <subfield code="7">0</subfield>
    <subfield code="9">11350</subfield>
    <subfield code="a">NSL</subfield>
    <subfield code="b">NSL</subfield>
    <subfield code="c">GF/Rk-2/C-15/R-1</subfield>
    <subfield code="d">2004-05-06</subfield>
    <subfield code="h">Vol. 1 (A-C); ISSN: 1048-9711; xvii, 1673p.</subfield>
    <subfield code="l">0</subfield>
    <subfield code="o">D 025.43LCSH P3.1</subfield>
    <subfield code="p">181566</subfield>
    <subfield code="r">2023-03-13 00:00:00</subfield>
    <subfield code="w">2023-03-13</subfield>
    <subfield code="y">REF</subfield>
  </datafield>
  <datafield tag="952" ind1=" " ind2=" ">
    <subfield code="0">0</subfield>
    <subfield code="1">0</subfield>
    <subfield code="2">udc</subfield>
    <subfield code="4">0</subfield>
    <subfield code="6">D_02543LCSH_P32</subfield>
    <subfield code="7">0</subfield>
    <subfield code="9">11351</subfield>
    <subfield code="a">NSL</subfield>
    <subfield code="b">NSL</subfield>
    <subfield code="c">GF/Rk-2/C-15/R-1</subfield>
    <subfield code="d">2004-05-06</subfield>
    <subfield code="h">Vol. 2 (D-H); ISSN: 1048-9711; iii, 1675-3087p.</subfield>
    <subfield code="l">0</subfield>
    <subfield code="o">D 025.43LCSH P3.2</subfield>
    <subfield code="p">181567</subfield>
    <subfield code="r">2023-03-13 00:00:00</subfield>
    <subfield code="w">2023-03-13</subfield>
    <subfield code="y">REF</subfield>
  </datafield>
  <datafield tag="952" ind1=" " ind2=" ">
    <subfield code="0">0</subfield>
    <subfield code="1">0</subfield>
    <subfield code="2">udc</subfield>
    <subfield code="4">0</subfield>
    <subfield code="6">D_02543LCSH_P33</subfield>
    <subfield code="7">0</subfield>
    <subfield code="9">11354</subfield>
    <subfield code="a">NSL</subfield>
    <subfield code="b">NSL</subfield>
    <subfield code="c">GF/Rk-2/C-15/R-1</subfield>
    <subfield code="d">2004-05-06</subfield>
    <subfield code="h">Vol. 3 (I-M); ISSN: 1048-9711; iii, 3089-4429p.</subfield>
    <subfield code="l">0</subfield>
    <subfield code="o">D 025.43LCSH P3.3</subfield>
    <subfield code="p">181568</subfield>
    <subfield code="r">2023-03-13 00:00:00</subfield>
    <subfield code="w">2023-03-13</subfield>
    <subfield code="y">REF</subfield>
  </datafield>
  <datafield tag="952" ind1=" " ind2=" ">
    <subfield code="0">0</subfield>
    <subfield code="1">0</subfield>
    <subfield code="2">udc</subfield>
    <subfield code="4">0</subfield>
    <subfield code="6">D_02543LCSH_P34</subfield>
    <subfield code="7">0</subfield>
    <subfield code="9">11356</subfield>
    <subfield code="a">NSL</subfield>
    <subfield code="b">NSL</subfield>
    <subfield code="c">GF/Rk-2/C-15/R-1</subfield>
    <subfield code="d">2004-05-06</subfield>
    <subfield code="h">Vol. 4 (N-R); ISSN: 1048-9711; iii, 4431-5746p. </subfield>
    <subfield code="l">0</subfield>
    <subfield code="o">D 025.43LCSH P3.4</subfield>
    <subfield code="p">181569</subfield>
    <subfield code="r">2023-03-13 00:00:00</subfield>
    <subfield code="w">2023-03-13</subfield>
    <subfield code="y">REF</subfield>
  </datafield>
  <datafield tag="952" ind1=" " ind2=" ">
    <subfield code="0">0</subfield>
    <subfield code="1">0</subfield>
    <subfield code="2">udc</subfield>
    <subfield code="4">0</subfield>
    <subfield code="6">D_02543LCSH_P35</subfield>
    <subfield code="7">0</subfield>
    <subfield code="9">11358</subfield>
    <subfield code="a">NSL</subfield>
    <subfield code="b">NSL</subfield>
    <subfield code="c">GF/Rk-2/C-15/R-1</subfield>
    <subfield code="d">2004-05-06</subfield>
    <subfield code="h">Vol. 5 (S-Z); ISSN: 1048-9711; iii, 5747-7339p.</subfield>
    <subfield code="l">0</subfield>
    <subfield code="o">D 025.43LCSH P3.5</subfield>
    <subfield code="p">181570</subfield>
    <subfield code="r">2023-03-13 00:00:00</subfield>
    <subfield code="w">2023-03-13</subfield>
    <subfield code="y">REF</subfield>
  </datafield>
</record>
